000 00463nam a22001457a 4500
020 _a978-81-264-7407-3
082 _a894.812.3
_bBEN/K
100 _aBENYAMIN
245 _aKUDIYETTAM
_bPRAVASATHINTE MALAYALI VAZHIKAL
260 _aKOTTAYAM
_bDC BOOKS
_c2017
300 _a112
520 _aIts a brief introduction to the migration culture of Kerala. Benyamin discusses the socio-economic -political aspects behind the long saga
650 _aNOVEL
942 _cBK
999 _c4813
_d4813